Registro civil de pessoas jurd̕icas

Detalles Bibliográficos
Autor principal: Cassettari, Christiano
Formato: eBook
Lenguaje:portugués
Publicado: Indaiatuba: Editora Foco, 2021
Materias:
Acceso en línea:Acceso restringido

MARC

LEADER 00000nam a22000007a 4500
005 2021122004014.0
007 cr|||| ||||
008 211220s2021 br |||||s|||| 00||0 por d
020 |a 978-65-5515-190-9 
035 |a 35503 
040 |a vLex 
090 |c 12747  |d 12747 
100 1 |a Cassettari, Christiano 
245 1 0 |a Registro civil de pessoas jurd̕icas  |h [Recurso electrn̤ico] /  |c Christiano Cassettari 
256 |a Servicio en ln̕ea 
260 |a Indaiatuba:  |b Editora Foco,  |c 2021 
300 |a 1 recurso electrn̤ico 
500 |a Elaborada por especialistas renomados, a Coleȯ̂ Cartr̤ios examina de maneira didt̀ica e profunda o direito notarial e registral em suas espčies, que dô origem aos cartr̤ios extrajudiciais brasileiros. A coleȯ̂ contempla a teoria geral do direito notarial e registral, o registro de imv̤eis, o registro civil de pessoa natural e jurd̕ica, o registro de tt̕ulos e documentos e o tabelionado de notas e de protesto. Divididos por temas, cada um dos volumes traduz, em linguagem acessv̕el, as especialidades cartorais, permitindo ao leitor compreender o dia a dia de um tabelionato ou do registro pb︢lico sob o prisma da legislaȯ̂ e jurisprudn̊cia. As controvřsias sô discutidas de forma analt̕ica, conduzindo o leitor em direȯ̂ ̉possv̕eis soluė̳s, sempre abalizadas pela experin̊cia dos autores no magistřio e no cotidiano do direito notarial. Ao final de cada capt̕ulo, queste̳s de concursos auxiliam na fixaȯ̂ e na assimilaȯ̂ do conted︢o. 
506 1 |a Disponible solo en los productos indicados  |d vLex Global  |d vLex Global (Academic Edition, excluding Law Schools)  |d vLex Global (U.S. Academic Edition, Law Schools)  |d vLex Global (U.S. Academic Edition, excluding Law Schools)  |d vLex Global (Academic Edition, Law Schools) 
650 0 4 |a Derecho Civil  |z Brasil 
740 0 |a vLex Libros (Servicio en ln̕ea) 
856 4 0 |u https://app.vlex.com/#/sources/35503  |z Acceso restringido 
942 |c BOOK 
999 0 |a Civil Law